50 najlepszych reprezentacji Rankingu FIFA - Statystyki

Ogólne statystyki
  • Ten quiz został rozwiązany 307 razy
  • Średni wynik to 39 z 50
Statystyki odpowiedzi
# Reprezentacja Konfederacja % Poprawnych
4 Argentyna CONMEBOL
98%
1 Brazylia CONMEBOL
98%
26 Polska UEFA
98%
3 Francja UEFA
97%
12 Niemcy UEFA
97%
7 Hiszpania UEFA
96%
5 Anglia UEFA
94%
2 Belgia UEFA
94%
6 Włochy UEFA
94%
8 Portugalia UEFA
93%
10 Holandia UEFA
91%
36 Rosja UEFA
91%
15 Stany Zjednoczone CONCACAF
91%
19 Szwecja UEFA
89%
16 Chorwacja UEFA
87%
23 Japonia AFC
87%
27 Ukraina UEFA
86%
9 Meksyk CONCACAF
85%
38 Kanada CONCACAF
82%
17 Kolumbia CONMEBOL
82%
13 Urugwaj CONMEBOL
82%
33 Czechy UEFA
81%
41 Norwegia UEFA
81%
11 Dania UEFA
80%
14 Szwajcaria UEFA
80%
20 Senegal CAF
77%
32 Egipt CAF
76%
45 Słowacja UEFA
75%
34 Austria UEFA
74%
28 Chile CONMEBOL
74%
43 Turcja UEFA
74%
18 Walia UEFA
74%
47 Irlandia UEFA
73%
29 Korea Południowa AFC
73%
42 Australia AFC
72%
24 Maroko CAF
71%
40 Węgry UEFA
70%
22 Peru CONMEBOL
69%
39 Szkocja UEFA
69%
25 Serbia UEFA
66%
46 Ekwador CONMEBOL
61%
21 Iran AFC
61%
48 Rumunia UEFA
61%
49 Arabia Saudyjska AFC
59%
37 Kamerun CAF
58%
44 Algieria CAF
55%
30 Nigeria CAF
55%
31 Kostaryka CONCACAF
53%
35 Tunezja CAF
52%
50 Paragwaj CONMEBOL
49%
Nie znaleziono quizów pasujących do podanych kryteriów
Rozkład punktacji
Procent ludzi z każdym wynikiem
Percentyl według liczby udzielonych odpowiedzi
Twoja historia wyników
Nie rozwiązałeś tego quizu